Word Ladder: Sporcle Quizzes Stats

 Plays Quiz not verified by Sporcle

Challenge
Share
Tweet
Embed
Score 0/36 Timer 03:00
0 Plays Today
Quiz 4-Letter Rung % Correct
Toy Hall of ____FAME
90%
Catchin' ____ Z'sSOME
77.8%
NCAA Basketball 2011: Notre ____DAME
75.6%
____ A Name For YourselfMAKE
71.1%
What ____s Next?COME
71.1%
Fairy ____s by IllustrationTALE
67.8%
____ SantasFAKE
66.7%
____ A Holiday!TAKE
63.3%
Top Grossing 'R' ____d MoviesRATE
63.3%
Sounds the ____ GameSAME
62.2%
____s By CupcakeGAME
58.9%
Ad-Libs ____ FamousMADE
56.7%
3 Letter Body ____sPART
56.7%
Giant ____ LadderWORD
54.4%
US Area ____sCODE
53.3%
Harry Potter Transport ____sMODE
52.2%
South ____PARK
52.2%
'X' ____s The End (Per Letter)MARK
48.9%
Quiz 4-Letter Rung % Correct
What ____ Fifth?CAME
46.7%
JULBEMD ____sDATE
46.7%
Most ____s In A SeasonSAVE
45.6%
____ You FiveGAVE
44.4%
____ or Death?CAKE
41.1%
____ Tense RacePAST
41.1%
What Would Bruno ____ Do For Ya?MARS
37.8%
Famous ____s (Badly Drawn)FACE
36.7%
____ Rock LocationsHARD
36.7%
Misc. ____sFACT
35.6%
____ MathFAST
35.6%
Word ____ (3 Letters)RACE
33.3%
The Sporcle Magic Christmas ____CARD
33.3%
Fun With Stolen ____CARS
32.2%
____ Drawn MoviesHAND
32.2%
JULBEMD Common ____sBOND
27.8%
____s By AntonymBAND
26.7%
World Countries ____er BlitzBORD
24.4%

You're not logged in!

Compare scores with friends on all Sporcle quizzes.
Join for Free
OR
Log In

You Might Also Like...

Show Comments

Extras

Top Quizzes Today


Score Distribution

Your Account Isn't Verified!

In order to create a playlist on Sporcle, you need to verify the email address you used during registration. Go to your Sporcle Settings to finish the process.

Report this User

Report this user for behavior that violates our Community Guidelines.

Details: